00473nam a2200145Ia 4500008004100000041000800041082001200049100001700061245002000078260003500098300003200133365001100165999001700176952013400193240624s9999 xx 000 0 und d aeng a823 DEF aDEFOE DANIEL aROBINSON CRUSOE c2010aNew DelhibHarperCollins aviii, : 290 : p. : cm. ; 18 cRSb25 c18685d18685 00104070aIMTNbIMTNcRack 40-Ad2012-05-02eIBHg150.00l1o823 DEFp18685r2024-10-17 00:00:00s2024-10-07t1w2024-06-24yBK